[Event "Salou Salauris op 1st"]
[Site "Salou"]
[Date "2021.06.26"]
[Round "4"]
[White "Lara Camacho, Carlos Esteban"]
[Black "Caballero Gomez Casero, Emilio"]
[Result "0-1"]
[WhiteElo "1680"]
[BlackElo "1817"]
[PlyCount "110"]
[EventDate "2021.06.25"]
[EventType "swiss"]
[EventRounds "7"]
[EventCountry "ESP"]
[SourceTitle "CBM 203 Extra"]
[Source "ChessBase"]
[SourceDate "2021.09.30"]
[SourceVersion "1"]
[SourceVersionDate "2021.09.30"]
[SourceQuality "1"]

1. d4 Nf6 2. Bf4 d6 3. e3 g6 4. Nf3 Bg7 5. Be2 Nc6 6. 0-0 Nd7 7. Bg3 0-0 8. c4 e5 9. Nc3 exd4 10. exd4 Ne7 11. Bd3 Nf6 12. h3 Nf5 13. Bh2 Bd7 14. Qd2 h5 15. Rae1 Bh6 16. Qd1 Qc8 17. Ne2 Ng7 18. Nf4 Bf5 19. Re2 Qd7 20. Rfe1 Rae8 21. Bxf5 gxf5 22. Rxe8 Ngxe8 23. Nd2 Ng7 24. Re2 Re8 25. Qe1 Rxe2 26. Qxe2 Qa4 27. Qf3 Qc2 28. Qc3 Qd1+ 29. Nf1 Ne4 30. Qd3 Qe1 31. Qe2 Qc1 32. Nd3 Qxc4 33. Ne3 Qxd4 34. Bf4 Bxf4 35. Nxf4 Nf6 36. Nd3 Ne4 37. Nf4 Nf6 38. Nd3 Qe4 39. Qc2 f4 40. Nf1 Nf5 41. Qd1 Nh4 42. Ne1 Qg6 43. Qe2 f3 44. Qe7 Nxg2 45. Nxf3 Nh4+ 46. Ng3 Nxf3+ 47. Kg2 Nh4+ 48. Kh2 Nf3+ 49. Kg2 Ne5 50. Kh2 h4 51. Qxc7 hxg3+ 52. fxg3 Qf5 53. Qxd6 Qf2+ 54. Kh1 Qf1+ 55. Kh2 Nf3# 0-1

[Event "Salou Salauris op 1st"]
[Site "Salou"]
[Date "2021.06.25"]
[Round "1"]
[White "Olive Oller, Guim"]
[Black "Lara Camacho, Carlos Esteban"]
[Result "1/2-1/2"]
[WhiteElo "1777"]
[BlackElo "1680"]
[PlyCount "143"]
[EventDate "2021.06.25"]
[EventType "swiss"]
[EventRounds "7"]
[EventCountry "ESP"]
[SourceTitle "CBM 203 Extra"]
[Source "ChessBase"]
[SourceDate "2021.09.30"]
[SourceVersion "1"]
[SourceVersionDate "2021.09.30"]
[SourceQuality "1"]

1. d4 d5 2. Nf3 Nf6 3. c4 c6 4. Nc3 dxc4 5. a4 Bf5 6. Ne5 e6 7. Bg5 Be7 8. f3 Bg6 9. h4 Nbd7 10. g4 c5 11. Nxc4 h6 12. Bf4 0-0 13. h5 Bh7 14. e4 Rc8 15. g5 hxg5 16. Bxg5 Qc7 17. Kf2 cxd4 18. Nb5 Qc5 19. Bd2 d3+ 20. Ne3 Nxe4+ 21. fxe4 Bxe4 22. Rh3 Nf6 23. Nc3 Bc6 24. Bxd3 Rfd8 25. Qe2 Qd4 26. h6 Qxd3 27. hxg7 Qxe2+ 28. Kxe2 Nh7 29. Rg1 f5 30. Rg6 Kf7 31. Rhh6 Nf6 32. Nb5 Bd7 33. Nxa7 Ra8 34. Ba5 Rg8 35. Bb6 Rxg7 36. Nc4 Ng4 37. Rxg4 fxg4 38. Ne5+ Ke8 39. Rh8+ Bf8 40. Bc5 Rf7 41. Nxf7 Kxf7 42. Rh7+ Bg7 43. Bd4 Rg8 44. Nb5 Bxb5+ 45. axb5 Kg6 46. Rh4 Bxd4 47. Rxg4+ Kf7 48. Rxd4 Ke7 49. Kd3 Rg2 50. b4 Rb2 51. Kc4 Rc2+ 52. Kb3 Rc1 53. Rd3 Rb1+ 54. Kc4 Rc1+ 55. Kd4 Kd6 56. Ke4+ Kc7 57. Ke5 Re1+ 58. Kf6 Kb6 59. Rd7 e5 60. Ke7 Re4 61. Rd5 Rxb4 62. Rxe5 Rxb5 63. Re1 Rb2 64. Ke6 Kb5 65. Ke5 Kb4 66. Ke4 b5 67. Kd3 Ka3 68. Re3 b4 69. Re8 Rg2 70. Rb8 Rh2 71. Rb7 Ka2 72. Rxb4 1/2-1/2